ბათუმის შოთა რუსთაველის სახელმწიფო უნივერსიტეტის ბიბლიოთეკა

ზოგადი ჰიდროლოგია : ხმელეთის წყლების ჰიდროლოგია : (ბიბ.ჩანაწერი № 43851)

000 -ლიდერი
ფიქსირებული სიგრძის საკონტროლო ველი 01525nam a2200265Ia 4500
001 - საკონტროლო ნომერი
საკონტროლო ველი 10599
003 - საკონტროლო ნომრის იდენტიფიკატორი
საკონტროლო ველი GE_BSU
005 - ბოლო ოპერაციის თარიღი და დრო
საკონტროლო ველი 20260320123013.0
008 - ფიქსირებული სიგრძის მონაცემთა ელემენტები - ზოგადი ინფორმაცია
ფიქსირებული სიგრძის საკონტროლო ველი 181216s2011||||ge |||||||||||||| ||geo||
020 ## - წიგნის საერთაშორისო სტანდარტული ნომერი
International Standard Book Number 9789941132254
040 ## - კატალოგიზაციის წყარო
Transcribing agency GE_BSU
041 ## - ენის კოდი
Language code of text/sound track or separate title geo
080 ## - უნივერსალური ათობითი კლასიფიკაციის ინდექსი
Universal Decimal Classification number 556(075.8) კ-41
100 ## - მთავარი ჩანაწერი - პიროვნების სახელი
Personal name კერესელიძე, დავით
9 (RLIN) 9318
245 ## - ცნობა სათაურის შესახებ
Title ზოგადი ჰიდროლოგია : ხმელეთის წყლების ჰიდროლოგია :
Remainder of title [სახელმძღვ.] /
Statement of responsibility, etc დავით კერესელიძე, ვაჟა ტრაპაიძე, გიორგი ბრეგვაძე; რედ. ზურაბ სეფერთელაძე; ივ. ჯავახიშვილის სახ. თსუ.
264 ## - წარმოების, გამოცემის, დისტრიბუციის და სხვა ცნობები
გამოცემის, წარმოების, დისტრიბუციის... ადგილი თბილისი :
გამოცემის, წარმოების, დისტრიბუციის... სახელწოდება თბილ. უნ-ტის გამ-ბა,
გამოცემის, წარმოების, დისტრიბუციის... თარიღი 2011.
300 ## - ფიზიკური აღწერა
Extent 222 გვ;
Other physical details ნახ., ცხრ. ;
Dimensions 24 სმ.
504 ## - BIBLIOGRAPHY, ETC. NOTE
Bibliography, etc ბიბლიოგრ.: გვ. 218-220.
653 ## - INDEX TERM--UNCONTROLLED
Uncontrolled term ზოგადი ჰიდროლოგია,ხმელეთის წყლების ჰიდროლოგია.სახელმძღვ.
700 ## - ADDED ENTRY--PERSONAL NAME
Personal name ტრაპაიძე, ვაჟა
Relator term ავტორი
9 (RLIN) 27167
700 ## - ADDED ENTRY--PERSONAL NAME
Personal name ბრეგვაძე, გიორგი
Relator term ავტორი
9 (RLIN) 27168
700 ## - ADDED ENTRY--PERSONAL NAME
Personal name სეფერთელაძე, ზურაბ
Relator term რედაქტორი
9 (RLIN) 10191
710 ## - ADDED ENTRY--CORPORATE NAME
Corporate name or jurisdiction name as entry element თსუ.
9 (RLIN) 27169
942 ## - ADDED ENTRY ELEMENTS (KOHA)
Koha item type წიგნი
Source of classification or shelving scheme
ეგზემპლარები
ჩამოწერის სტატუსი დაკარგული ეგზემპლარის სტატუსი კლასიფიკაციის წყარო ან თაროზე გაწყობის სქემა დაზიანების სტატუსი არ გაიცემა მუდმივი მდებარეობა (დაცვის ადგილი) ამჟამინდელი ადგილსამყოფელი თაროზე განთავსების ადგილი შეძენის თარიღი ღირებულება, შესყიდვის ნორმალური ფასი სრული შენახვის შიფრი შტრიხკოდი ბოლო ოპერაციის თარიღი ეგზემპლარის მიმდევრობითი ნომერი (კეტერი?) ფასის ძალაში შესვლის თარიღი ეგზემპლარის სახეობა საჯარო შენიშვნა
          ბათუმის შოთა რუსთაველის სახელმწიფო უნივერსიტეტის მთავარი ბიბლიოთეკა ბათუმის შოთა რუსთაველის სახელმწიფო უნივერსიტეტის მთავარი ბიბლიოთეკა წიგნსაცავი 2018-12-17 16.50 556(075.8) კ-41 34845 2018-12-17 34845 2018-12-17 წიგნი 16 ლ. 50 თ.
          ბათუმის შოთა რუსთაველის სახელმწიფო უნივერსიტეტის მთავარი ბიბლიოთეკა ბათუმის შოთა რუსთაველის სახელმწიფო უნივერსიტეტის მთავარი ბიბლიოთეკა წიგნსაცავი 2018-12-17 16.50 556(075.8) კ-41 34846 2018-12-17 34846 2018-12-17 წიგნი 16 ლ. 50 თ.
          ბათუმის შოთა რუსთაველის სახელმწიფო უნივერსიტეტის მთავარი ბიბლიოთეკა ბათუმის შოთა რუსთაველის სახელმწიფო უნივერსიტეტის მთავარი ბიბლიოთეკა წიგნსაცავი 2018-12-17 16.50 556(075.8) კ-41 34847 2018-12-17 34847 2018-12-17 წიგნი 16 ლ. 50 თ.
          ბათუმის შოთა რუსთაველის სახელმწიფო უნივერსიტეტის მთავარი ბიბლიოთეკა ბათუმის შოთა რუსთაველის სახელმწიფო უნივერსიტეტის მთავარი ბიბლიოთეკა წიგნსაცავი 2018-12-17 16.50 556(075.8) კ-41 34848 2018-12-17 34848 2018-12-17 წიგნი 16 ლ. 50 თ.